Loading...
Religion | 0 | 3 | 0 | 0 | 30 | 60 | 89.33 | 0 | 1 |
Social Science | 0 | 2 | 0 | 0 | 20 | 81 | 86.50 | 0 | 0 |
History - European History | 0 | 1 | 0 | 0 | 10 | 76 | 76.00 | 0 | 0 |
History - World History | 0 | 1 | 0 | 0 | 10 | 50 | 50.00 | 0 | 0 |
Literature - American Literature | 0 | 1 | 0 | 0 | 10 | 66 | 66.00 | 0 | 0 |
Geography | 0 | 1 | 0 | 0 | 10 | 78 | 78.00 | 0 | 0 |
Literature - British Literature | 0 | 1 | 0 | 1 | 10 | 80 | 80.00 | 0 | 0 |
Mythology | 0 | 2 | 2 | 0 | 10 | 76 | 86.00 | 0 | 0 |
Pop Culture | 0 | 1 | 0 | 0 | 10 | 37 | 37.00 | 0 | 0 |
Fine Arts - Other Fine Arts | 0 | 1 | 1 | 0 | 5 | 58 | 58.00 | 0 | 0 |
Current Events | 0 | 1 | 1 | 1 | 5 | 109 | 109.00 | 0 | 0 |
History - American History | 0 | 0 | 1 | 0 | -5 | 0.00 | 0 | 0 | |
Science - Other Science | 0 | 0 | 2 | 0 | -10 | 0.00 | 0 | 0 |